Country Known For... - Statistics

General Stats
  • This quiz has been taken 432 times
  • The average score is 23 of 25
Answer Stats
Hint Answer % Correct
Bollywood -- Cricket -- Hinduism India
99%
Ballet -- Vodka & alcoholism -- Cold War Russia
99%
Strongest military -- Fast food -- Capitalism USA
99%
Outback -- Kangaroo -- Surfing Australia
98%
Carnival -- Amazon -- World Cup Brazil
98%
Maple Syrup -- Ice hockey -- Mounties Canada
98%
Largest Exporter -- Communism -- Martial arts China
98%
Tourism -- Art -- Cheese & Wine France
98%
Sushi -- Manga & Anime -- Technology Japan
97%
Fashion -- Pizza -- Exotic/sports cars Italy
96%
Tequila -- Drug cartels -- Mariachi Mexico
95%
Rain -- Royalty -- Fox hunting UK
95%
Beer -- WWII -- Dominating the EU Germany
94%
Ancient philosophers -- Debt -- Islands & beaches Greece
92%
Krav Maga -- Iron Dome -- Judaism Israel
90%
Maori -- Lord of the Rings -- Rugby New Zealand
90%
Oil -- Wahhabism -- Women can't drive Saudi Arabia
90%
Kebab -- Belly dance -- Hagia Sophia Turkey
90%
Murder -- Reggae -- Dreadlocks Jamaica
89%
Siesta -- soccer/football clubs -- Flamenco Spain
88%
Wars -- "Cradle of civilization" -- Kurds & Yazidis Iraq
86%
Comodo Dragon -- Java -- Snorkeling Indonesia
85%
Sailing & Cycling -- Windmills -- Liberalism Netherlands
84%
Opium -- Mujahideen -- hand woven carpets Afghanistan
67%
Solidarity -- Nobel Prize winners -- "First to fight" Poland
51%
No matching quizzes found
Score Distribution
Percent of People with Each Score
Percentile by Number Answered
Your Score History
You have not taken this quiz